000 01506cam a22002174a 4500
005 20250605164025.0
008 250528s ||||||||||||||||||||||||d
035 _a16490
020 _a9608767806
040 _aGR-AtMCL
_bgre
_dGR-AtMCL
_eAACR2
245 1 _aΛογιστική Κόστους / Αρχές και Εφαρμογές
260 _bP.I. Publishing,
_c2003
300 _a648
520 _aΕισαγωγή: Χρηματοοικονομική Λογιστική - Λογιστική Κόστους - Διοικητική Λογιστική, Βασικές Έννοιες Κοστολόγησης, Μέθοδοι Υπολογισμού Μεταβλητού και Σταθερού Κόστους, Κατά Παραγγέλια Κοστολόγηση, Κοστολόγηση Συνεχούς Παραγωγής, Συμπαράγωγα, Επιμερισμός Κόστους Βοηθητικών Τμημάτων, Οριακή Κοστολόγηση, Εφαρμογές Οριακής Κοστολόγησης, Πρότυπη Κοστολόγηση, Προϋπολογισμοί, Αναλυτική Λογιστική - Ομάδα 9 του Ε.Γ.Λ.Σ., Μελέτες Περίπτωσης, Βιβλιογραφία, Συντομογραφίες, Λεξιλόγιο Αγγλικών Όρων.
700 1 _aΒενιέρης Γεώργιος
_92582
700 1 _aΚοεν Σάνδρα
_92583
700 1 _aΚωλέτση Μαρία
_92584
942 _cBK
999 _c1984
_d1984